Chozrasčetnyje ryčagi i ispol'zovanije proizvodstvennych resursov

Guardado en:
Detalles Bibliográficos
Autor principal: Guščjan, Amaz Bogdanovič
Formato: Libro
Lenguaje:ruso
Publicado: Jerevan Universitet 1987
Edición:1. izd.
Etiquetas: Agregar Etiqueta
Sin Etiquetas, Sea el primero en etiquetar este registro!

MARC

LEADER 00000nam a2200000 4500
001 c036939
005 20221219131440.3
041 0 |a rus 
044 |a AM 
245 1 0 |a Chozrasčetnyje ryčagi i ispol'zovanije proizvodstvennych resursov  |c Amaz Bogdanovič Guščjan 
250 |a 1. izd. 
264 1 |a Jerevan  |b Universitet  |c 1987 
300 |a 130 s. 
100 1 |a Guščjan, Amaz Bogdanovič